Obres públiques a Catalunya : present, pasat i futur = Obras públicas en Cataluña : presente, pasado y futuro = Public works in Catalonia : present, past and future present, pasat i futur = Obras públicas en Cataluña :
ISBN:
84-95662-18-3
Descripción Física:
418 p. : il. col. ; 30 x 30
Otros Autores:
Real Academia de Ingeniería
Materias:
Obres públiques -- Catalunya
MARC
| LEADER | 00000nam a2200000Ia 4500 | ||
|---|---|---|---|
| 001 | 15937 | ||
| 008 | 160829s2003 xx 000 0 cat d | ||
| 020 | |a 84-95662-18-3 | ||
| 080 | |a FOL-2-65 | ||
| 245 | |a Obres públiques a Catalunya : |b present, pasat i futur = Obras públicas en Cataluña : |b presente, pasado y futuro = Public works in Catalonia : |b present, past and future | ||
| 260 | |a [Barcelona] : |b Real Academia de Ingeniería, |c 2003 | ||
| 300 | |a 418 p. : |b il. col. ; |c 30 x 30 | ||
| 590 | |a Bibliografia. | ||
| 590 | |a Textos trilingües en català, castellà i anglès. | ||
| 650 | |a Obres públiques |x Catalunya |9 38590 | ||
| 700 | |a Real Academia de Ingeniería |9 29059 | ||
| 901 | |a Arxiu | ||
| 942 | |n 1 | ||
| 952 | |0 0 |1 0 |4 0 |6 FOL265 |7 1 |9 45029 |a Arxiu |b Arxiu |d 2016-12-01 |l 0 |o FOL-2-65 |p 15937 |r 2016-12-01 00:00:00 |w 2016-12-01 |y ARXIU | ||
| 999 | |c 47649 |d 47649 | ||